| 000 | 01142nas a2200397 4500 | ||
|---|---|---|---|
| 001 | BR0703300 | ||
| 003 | BR-BrBNA | ||
| 005 | 20231205110846.0 | ||
| 007 | ta | ||
| 008 | 230509b bl.|||p| |||| 00| 00por d | ||
| 040 |
_aBR-BrBNA _bpor _cBiblioteca Nacional de Agricultura |
||
| 041 | _a(Pt) | ||
| 072 | _aL52; L01 | ||
| 100 | 1 | _aKuss, F. | |
| 100 | 1 | _aRestle, J. | |
| 100 | 1 | _aBrondani, I.L. | |
| 100 | 1 | _aPacheco, P.S. | |
| 100 | 1 | _aSilveira, M.F. da | |
| 100 | 1 | _aPazdiora, R.D. | |
| 100 | 1 | _aCezimbra, I.M. | |
| 245 | 1 | _aÓrgãos vitais e trato gastrintestinal de vacas de descarte mestiças Charolês X Nelore abatidas com pesos distintos | |
| 650 | _aGADO CHAROLÊS | ||
| 650 | _aGADO NELORE | ||
| 650 | _aVACA | ||
| 650 | _aCRUZAMENTO ANIMAL | ||
| 650 | _aAPARELHO DIGESTIVO | ||
| 650 | _aCORAÇÃO | ||
| 650 | _aPULMÃO | ||
| 650 | _aRIM | ||
| 650 | _aBIOMETRIA | ||
| 650 | _aPERFORMANCE | ||
| 650 | _aABATE | ||
| 773 | 0 |
_tRevista Brasileira de Zootecnia (Brazil) _xISSN 1516-3598 _g(Mar-Apr 2007), v. 36(2) p. 421-429 _wBR0703300 |
|
| 909 |
_a202311 _bLúcia _c55 _dLúcia Elande |
||
| 942 |
_2AGRIS _n0 _cANA |
||
| 999 |
_c189450 _d189450 |
||